| 000 -LEADER | |
|---|---|
| fixed length control field | 00823cam a2200241 i 4500 |
| 001 - CONTROL NUMBER | |
| control field | 18230195 |
| 005 - DATE AND TIME OF LATEST TRANSACTION | |
| control field | 20250224105846.0 |
| 008 - FIXED-LENGTH DATA ELEMENTS--GENERAL INFORMATION | |
| fixed length control field | 140717s2016 maua b 001 0 eng |
| 010 ## - LIBRARY OF CONGRESS CONTROL NUMBER | |
| LC control number | 2014946237 |
| 020 ## - INTERNATIONAL STANDARD BOOK NUMBER | |
| International Standard Book Number | 9781305251809 (hbk) |
| 020 ## - INTERNATIONAL STANDARD BOOK NUMBER | |
| International Standard Book Number | 1305251806 (hbk) |
| 040 ## - CATALOGING SOURCE | |
| Original cataloging agency | DLC |
| Transcribing agency | DLC |
| 050 00 - LIBRARY OF CONGRESS CALL NUMBER | |
| Classification number | QA273 |
| Item number | .D46 2016 |
| 082 00 - DEWEY DECIMAL CLASSIFICATION NUMBER | |
| Classification number | 519.2 |
| Edition information | 23 |
| 100 1# - MAIN ENTRY--PERSONAL NAME | |
| Personal name | Devore, Jay L. |
| 9 (RLIN) | 5371 |
| 245 10 - TITLE STATEMENT | |
| Title | Probability and statistics for engineering and the sciences / |
| Statement of responsibility, etc. | Jay Devore, California Polytechnic State University, San Luis Obispo. |
| 250 ## - EDITION STATEMENT | |
| Edition statement | Ninth edition. |
| 260 #1 - PUBLICATION, DISTRIBUTION, ETC. | |
| Place of publication, distribution, etc. | Boston, MA : |
| Name of publisher, distributor, etc. | Cengage Learning, |
| Date of publication, distribution, etc. | [2016] |
| 300 ## - PHYSICAL DESCRIPTION | |
| Extent | xvi, 715, 47, 4, 8 pages : |
| Other physical details | illustrations ; |
| Dimensions | 26 cm |
| 504 ## - BIBLIOGRAPHY, ETC. NOTE | |
| Bibliography, etc. note | Includes bibliographical references and index. |
| 650 #0 - SUBJECT ADDED ENTRY--TOPICAL TERM | |
| Topical term or geographic name entry element | Probabilities. |
| 9 (RLIN) | 1388 |
| 650 #0 - SUBJECT ADDED ENTRY--TOPICAL TERM | |
| Topical term or geographic name entry element | Mathematical statistics. |
| 9 (RLIN) | 1389 |
| Withdrawn status | Lost status | Source of classification or shelving scheme | Damaged status | Not for loan | Home library | Current library | Date acquired | Cost, normal purchase price | Total checkouts | Full call number | Barcode | Date last seen | Price effective from | Koha item type |
|---|---|---|---|---|---|---|---|---|---|---|---|---|---|---|
| Dewey Decimal Classification | KCST Library | KCST Library | 13/10/2021 | 18.40 | 519.2 De Pr | 1000000887 | 13/10/2021 | 13/10/2021 | Book |